RESEARCH programme 1958-1962 : (including a summary of work accomplished in years 1953-1957 and a progress report for 1959)

Bibliographic Details
Corporate Author: Forest Research Institute Malaysia (FRIM)
Format: Book
Published: Kuala Lumpur : Forest Department , 1959
Series:Research pamphlet ; no. 26
Subjects:

MARC

LEADER 00000cam a2200000 7i4500
001 0000003058
005 20040427.0
090 0 0 |a RP634.9072   |b RES 1959 
245 0 0 |a RESEARCH programme 1958-1962 :   |b (including a summary of work accomplished in years 1953-1957 and a progress report for 1959) 
260 0 0 |a Kuala Lumpur :   |b Forest Department ,   |c 1959 
300 |a xiv, 224 p. ;   |c 34 cm. 
440 0 0 |a Research pamphlet ; no. 26 
650 0 0 |a Forests and forestry   |x Research 
710 1 1 |a Forest Research Institute Malaysia (FRIM) 
998 |a JPSM 
999 |a 0000005383   |b Monograph   |c Open Shelf   |e Default branch